000 00412nam a2200145Ia 4500
005 20251222152006.0
008 251222s9999||||xx |||||||||||||| ||spa||
020 _a9789588337494
082 _a631.53/P36
100 _aPedroza Manrique, Jaime Alonso
245 0 _aAplicaciones del cultivo de tejidos vegetales en condiciones in vitro
250 _a1ra. ed.
264 _bUniversidad de colombia
942 _cLIB
999 _c24726
_d24726